00334nam a2200145Ia 4500003000400000005001700004008004100021040000700062041001200069082001800081100001500099245003900114260002700153365000800180OSt20251103182544.0210423s2004 xx 000 0 und d cAL aEnglish a362.29 bTHAD aThomas T S aDe addiction and rural development aDharwadabCAPARTc2004 cINR